000 00901nas a2200289 4500
001 BR2015005638
003 BR-BrBNA
005 20231205125751.0
007 ta
008 230509b bl.|||p| |||| 00| 00por d
040 _aBR-BrBNA
_bpor
_cBiblioteca Nacional de Agricultura
041 _a(En)
072 _aF61; F04
100 1 _aDias, K.G. de L.
100 1 _aFurtini Neto, A.E.
100 1 _aGuimarães, P.T.G.
100 1 _aReis, T.H.P.
100 1 _aOliveira, C.H.C. de
245 1 _aCoffee yield and phosphate nutrition provided to plants by various phosphorus sources and levels
650 _aNUTRICAO VEGETAL
650 _aCOFFEA ARABICA
650 _aFOSFORO
650 _aFERTILIZANTE
773 0 _tCiência e Agrotecnologia (Brazil)
_xISSN 1413-7054
_g(Mar-Apr 2015), v. 39(2) p. 110-120
_wBR2015005638
909 _a202311
_bLúcia
_c55
_dLúcia Elande
942 _2AGRIS
_n0
_cANA
999 _c246025
_d246025